Introductory solid state physics

Salvato in:
Dettagli Bibliografici
Autore principale: Myers, H. P. (Autore)
Natura: Libro
Lingua:inglese
Pubblicazione: Boca Ratón CRC 1997
Edizione:2a. ed
Soggetti:
Tags: Aggiungi Tag
Nessun Tag, puoi essere il primo ad aggiungerne!!

MARC

LEADER 00000nam a2200000 a 4500
001 UCK6276
003 CL-VaPUC
008 050916e19970000US |||||||||||||||||eng|d
020 |a 0748406603 
082 0 4 |a 530.41  |b MYE  |2 21 
100 |a Myers, H. P.  |e author  |9 495382 
245 1 0 |a Introductory solid state physics 
250 |a 2a. ed 
300 |a 522 p 
942 |c BK 
945 |d 20050916 00:00:00  |a cmena 
260 |a Boca Ratón  |b CRC  |c 1997 
650 0 |a Física del estado solido  |9 315365 
650 0 |a Estados de la Materia  |9 347141 
650 7 |a CRISTALOGRAFIA  |2 CL-VaPUC  |9 345856 
650 0 |a Magnetismo  |9 260336 
583 |a last modification  |c 20050916 00:00:00  |k Rodrigo Vera 
999 |c 314575  |d 314573 
952 |0 0  |1 0  |4 0  |6 530_410000000000000_MYE_1997  |7 0  |8 A  |9 386997  |a BIBCUR  |b BIBCUR  |d 2019-11-22  |i 4166078  |o 530.41 MYE 1997  |p 4166078  |r 2025-04-22  |w 2019-11-22  |y BK  |k FIS 
952 |0 0  |1 0  |4 0  |6 530_410000000000000_MYE_1997  |7 0  |8 A  |9 386998  |a BIBCUR  |b BIBCUR  |d 2019-11-22  |i 4264339  |o 530.41 MYE 1997  |p 4264339  |r 2025-04-22  |w 2019-11-22  |y BK  |k BCB